书目信息 |
| 题名: |
国外社会科学前沿
|
|
| 作者: | 王世伟 , 荣跃明 主编 ;上海市哲学社会科学规划办公室 , 上海社科院 编 | |
| 分册: | 第15辑(2011) | |
| 出版信息: | 上海 上海人民出版社 2012 |
|
| 页数: | 774页 | |
| 开本: | 24cm | |
| 丛书名: | ||
| 单 册: | ||
| 中图分类: | C11 | |
| 科图分类: | ||
| 主题词: | 社会科学--研究--国外--2011 , 社会科学 | |
| 电子资源: | ||
| ISBN: | 978-7-208-10483-9 | |
| 000 | 01294nam0 2200289 450 | |
| 001 | 524 | |
| 005 | 20140905090642.04 | |
| 010 | @a978-7-208-10483-9@dCNY85.00 | |
| 100 | @a20120301d2012 em y0chiy50 ea | |
| 101 | 0 | @achi@eeng |
| 102 | @aCN@b310000 | |
| 105 | @aa z 000yy | |
| 106 | @ar | |
| 200 | 1 | @a国外社会科学前沿@AGuo Wai She Hui Ke Xue Qian Yan@h第15辑(2011)@HDi 15 Ji (2011)@f王世伟,荣跃明主编@FWang Shi Wei, Rong Yue Ming Zhu Bian@g上海市哲学社会科学规划办公室,上海社会科学院信息研究所编 |
| 210 | @a上海@c上海人民出版社@d2012 | |
| 215 | @a774页@c图@d24cm | |
| 304 | @a英文共同题名:International studies of social sciences | |
| 330 | @a本书分马克思主义、哲学、国际政治和国际关系、经济、社会、法律、文化、信息网络等栏目。收录的论文有《国外学者关于马克思辩证法思想的争论》、《解放广场上的民主和性平等》、《国外城市应急管理研究及其发展趋势》等。 | |
| 606 | 0 | @a社会科学@x研究@y国外@z2011 |
| 606 | 0 | @a社会科学 |
| 690 | @aC11@v5 | |
| 701 | 0 | @a王世伟@AWang Shi Wei@f(1954~)@4主编 |
| 701 | 0 | @a荣跃明@ARong Yue Ming@4主编 |
| 712 | 02 | @a上海市哲学社会科学规划办公室@AShang Hai Shi Zhe Xue She Hui Ke Xue Gui Hua Ban Gong Shi@4编 |
| 712 | 02 | @a上海社科院@AShang Hai She Ke Yuan@b信息研究所@4编 |
| 801 | 0 | @aCN@bTANGWEI@c20140603 |
| 905 | @b0838852-54@dC11@e274:15@f3 | |
| 国外社会科学前沿.第15辑(2011)/王世伟,荣跃明主编/上海市哲学社会科学规划办公室,上海社会科学院信息研究所编.-上海:上海人民出版社,2012 |
| 774页:图;24cm |
| ISBN 978-7-208-10483-9:CNY85.00 |
| 本书分马克思主义、哲学、国际政治和国际关系、经济、社会、法律、文化、信息网络等栏目。收录的论文有《国外学者关于马克思辩证法思想的争论》、《解放广场上的民主和性平等》、《国外城市应急管理研究及其发展趋势》等。 |
| ● |
| 相关链接 |
|
|
|
|
正题名:国外社会科学前沿
索取号:C11/274:15
 
预约/预借
| 序号 | 登录号 | 条形码 | 馆藏地/架位号 | 状态 | 备注 |
| 1 | 0838852 | 208388528 | 第一样本阅览室/ [索取号:C11/274:15] | 在馆 | |
| 2 | 0838853 | 208388537 | 密集书库-史法系/ [索取号:C11/274:15] | 在馆 | |
| 3 | 0838854 | 208388546 | 第一借阅区/ [索取号:C11/274:15] | 在馆 |